000
00287nam a22001337a 4500
008
170913b xxu||||| |||| 00| 0 eng d
020
_a
9780321001917
041
_a
eng
080
_a
5.3
100
_a
43
101
_a
FIZ
245
_a
PHYSICAL SCIENCE
_c
HEWITT.S.H
942
_2
udc
_c
BK
999
_c
27474
_d
27474